• 首页
  • 本馆介绍
  • 公告通知
  • 最新文献
  • 馆藏检索
  • 电子资源
  • 读者导购
  • 参考咨询
  • 我的图书馆
  • 登录
  • 详细信息显示
  • 放入我的书架
  • 预约/预借图书
  • 作者相关作品
  • 分类相关作品
  • 丛书相关作品
  • 出版社相关作品

书目信息

  • 表格格式
  • 工作单格式
  • 卡片格式
题名:
社会经济学
    
 
作者: 刘润葵 著
分册:  
出版信息: 北京   中央编译出版社  2009
页数: 10,316页
开本: 24cm
丛书名:
单 册:
中图分类: F124.7
科图分类:
主题词: 国民财富--研究--中国 , 国民财富
电子资源:
ISBN: 978-7-5117-0002-5
000 00799nam0 2200241 45
001 1032961500
005 20100408155841.59
010    @a978-7-5117-0002-5@dCNY45.00
100    @a20100330d2009 em y0chiy0110 ea
101 0  @achi
102    @aCN@b110000
105    @ay z 000yy
106    @ar
200 1  @a社会经济学@AShe Kuai Jing Ji Xue@e国民财富的代价和选择的研究@EGuo Min Cai Fu De Dai Jia He Xuan Ze De Yan Jiu@f刘润葵著@FLiu Run Kui Zhu
210    @a北京@c中央编译出版社@d2009
215    @a10,316页@d24cm
517 1  @a国民财富的代价和选择的研究@AGuo Min Cai Fu De Dai Jia He Xuan Ze De Yan Jiu
606 0  @a国民财富@x研究@y中国
606 0  @a国民财富
690    @aF124.7@v4
701  0 @a刘润葵@ALiu Run Kui@4著
801  0 @aCN@bTANGWEI@c20100408
905    @b0586728-32@dF124.7@e142@f5
    
    社会经济学:国民财富的代价和选择的研究/刘润葵著.-北京:中央编译出版社,2009
    10,316页;24cm
    
    
    ISBN 978-7-5117-0002-5:CNY45.00
    
●
相关链接 在E读中查询图书 在五车中查询图书 在当当中查询图书 在豆瓣中查询图书


正题名:社会经济学     索取号:F124.7/142         预约/预借

序号 登录号 条形码 馆藏地/架位号 状态 备注
1 0586728   205867285   第一样本阅览室/ [索取号:F124.7/142] 在馆    
2 0586729   205867294   第一借阅区/ [索取号:F124.7/142] 在馆    
3 0586730   205867301   第一借阅区/ [索取号:F124.7/142] 在馆    
4 0586731   205867310   第一借阅区/ [索取号:F124.7/142] 在馆    
5 0586732   205867329   第一借阅区/ [索取号:F124.7/142] 在馆    
唐山师范学院图书馆 欢迎您!
大连网信软件有限公司© 版权所有